Integrácia zdravotne postihnutých do vyučovacieho procesu

Medzi základné ľudské práva patrí aj právo na vzdelanie. Je to dôležitá oblasť v živote každého človeka, pretože otvára dvere do budúceho života v spoločnosti. Právo na vzdelanie nemôže byť odopreté nikomu, ani zdravotne postihnutému. Filozofia integrácie je postavená na princípe partnerského spolun...

Ausführliche Beschreibung

Gespeichert in:
Bibliographische Detailangaben
1. Verfasser: Španková, Jana
Format: Buchkapitel
Sprache:Slowakisch
Schlagworte:
Tags: Tag hinzufügen
Keine Tags, Fügen Sie das erste Tag hinzu!

MARC

LEADER 00000naa a2200000 4500
001 0127955
005 20231207081301.3
041 0 |a slo 
044 |a SK 
245 1 0 |a Integrácia zdravotne postihnutých do vyučovacieho procesu  |c Jana Španková 
520 |a Medzi základné ľudské práva patrí aj právo na vzdelanie. Je to dôležitá oblasť v živote každého človeka, pretože otvára dvere do budúceho života v spoločnosti. Právo na vzdelanie nemôže byť odopreté nikomu, ani zdravotne postihnutému. Filozofia integrácie je postavená na princípe partnerského spolunažívania zdravých a postihnutých, čo by malo platiť aj v oblasti vzdelávania. Vzdelávanie a integrácia vo vysokoškolskom prostredí. 
610 2 0 |a invalidi 
610 2 0 |a osoby zdravotne postihnuté 
610 2 0 |a vyučovanie 
610 2 0 |a integrácia 
610 2 0 |a vzdelávanie 
100 1 |a Španková, Jana